EToH Dark Side of The Moon Towers - Statistics

General Stats
  • This quiz has been taken 12 times
  • The average score is 8 of 15
Answer Stats
Difficulty Tower Name % Correct
Peak Insane (8.89) Tower of Spin To Win
90%
Bottom Remorseless (7.05) Tower of Questions
80%
Bottom Hard (3.08) Tower of Faulty Cityscapes
60%
Mid-High Intense (6.64) Tower of Incoming Danger
60%
High Remorseless (7.67) Tower of Mind Games
50%
Peak Remorseless (7.90) Tower of Misleading Passages
50%
Mid Difficult (4.56) Tower of Quaint
50%
High Remorseless (7.70) Tower of Robot Encoding Software
50%
Peak Challenging (5.94) Tower of Transfigurative Zenith
50%
Mid Challenging (5.57) Tower of Viridian Dichotomy
50%
Bottom Challenging (5.06) Tower of Xenocrystically Yonderous Zaniness
50%
Bottom-Low Intense (6.17) Tower of Blossoming Midnight
40%
Mid Terrifying (10.45) Tower of Dynamic Pulse
40%
Mid-High Intense (6.63) Tower of Kieru Taiyo
40%
Mid Hard (3.50) Tower of Unknown Mysteries
40%
No matching quizzes found
Score Distribution
Percent of People with Each Score
Percentile by Number Answered
Your Score History
You have not taken this quiz